000 00603nam a22002297a 4500
003 UA-OsUOA
001 98347
007 ta
008 20130415b un ||||| |||| 00| 0 ukr d
100 _aРайгородецкий Е.
090 _a821.161.1
_bР18
942 _cBK
040 _aUA-OsUOA
_brus
_cUA-OsUOA
_dUA-OsUOA
245 _aКорсунские зори
300 _a85 с.
955 _a3
041 _arus
080 _a821.161.1
260 _aОмск
_bОмская правда
650 7 _a82 Література. Літературознавство
_2UDC
999 _c384932
_d384932